• 首页
  • 本馆介绍
  • 公告通知
  • 最新文献
  • 馆藏检索
  • 电子资源
  • 读者导购
  • 参考咨询
  • 我的图书馆
  • 登录
  • 详细信息显示
  • 放入我的书架
  • 预约/预借图书
  • 作者相关作品
  • 分类相关作品
  • 丛书相关作品
  • 出版社相关作品

书目信息

  • 表格格式
  • 工作单格式
  • 卡片格式
题名:
船体火工中级工培训教程
    
 
作者: 刘雪梅 主编
分册:  
出版信息: 哈尔滨   哈尔滨工程大学出版社  2007
页数: 94页
开本: 26cm
丛书名: 船舶工人培训丛书
单 册:
中图分类: U671.6
科图分类:
主题词: 造船--金属材料--热处理--技术教育--教材 , 金属材料 , 热处理 , 技术教育 , 教材
电子资源:
ISBN: 978-7-81073-933-7
000 01180oam2 2200349 450
001 001810291
005 20071010102218.0
010    @a978-7-81073-933-7@dCNY15.00
035    @a(A100000NLC)003549472
049    @aA100000NLC@bUCS01001810291@c003549472@dNLC01
100    @a20070327d2007 em y0chiy0110 ea
101 0  @achi
102    @aCN@b230000
105    @aa z 000yy
106    @ar
200 1  @a船体火工中级工培训教程@9chuan ti huo gong zhong ji gong pei xun jiao cheng@b专著@f刘雪梅主编
210    @a哈尔滨@c哈尔滨工程大学出版社@d2007
215    @a94页@c图@d26cm
225 2  @a船舶工人培训丛书
300    @a中国造船工程学会人才与教育学术委员会教材建设学组推荐
330    @a本书主要介绍了船体火工加工知识、型钢火工加工知识、板材热弯加工知识和火工矫正知识等内容。
461  0 @12001 @a船舶工人培训丛书@1035 @a(A100000NLC)000216351
606 0  @a造船@x金属材料@x热处理@x技术教育@j教材
606 0  @a金属材料
606 0  @a热处理
606 0  @a技术教育
606 0  @a教材
690    @aU671.6@v4
701  0 @a刘雪梅@9liu xue mei@f(1966.1-)@4主编
801  0 @aCN@b110017@c20070613
801  2 @aCN@bOLCC@c20180315
905    @b1553193-98@dU671.6@e1222@f6
    
    船体火工中级工培训教程/刘雪梅主编.-哈尔滨:哈尔滨工程大学出版社,2007
    94页:图;26cm.-(船舶工人培训丛书)
    中国造船工程学会人才与教育学术委员会教材建设学组推荐
    
    ISBN 978-7-81073-933-7:CNY15.00
    本书主要介绍了船体火工加工知识、型钢火工加工知识、板材热弯加工知识和火工矫正知识等内容。
●
相关链接 在E读中查询图书 在五车中查询图书 在当当中查询图书 在豆瓣中查询图书


正题名:船体火工中级工培训教程     索取号:U671.6/1222         预约/预借

序号 登录号 条形码 馆藏地/架位号 状态 备注
1 1553193   215531930   第二样本阅览室/ [索取号:U671.6/1222] 在馆    
2 1553194   215531949   第三借阅区/ [索取号:U671.6/1222] 在馆    
3 1553195   215531958   第三借阅区/ [索取号:U671.6/1222] 在馆    
4 1553196   215531967   第三借阅区/ [索取号:U671.6/1222] 在馆    
5 1553197   215531976   第三借阅区/ [索取号:U671.6/1222] 在馆    
6 1553198   215531985   不外借—密集书库/ [索取号:U671.6/1222] 在馆    
唐山师范学院图书馆 欢迎您!
大连网信软件有限公司© 版权所有